Haus proud (Record no. 80687)

MARC details
000 -LEADER
fixed length control field 01146cab a22002175a 4500
001 - CONTROL NUMBER
control field L145043
008 - FIXED-LENGTH DATA ELEMENTS--GENERAL INFORMATION
fixed length control field 080902s2008 xxko 000 0 eng d
035 ## - SYSTEM CONTROL NUMBER
System control number (Sirsi) u145043
041 0# - LANGUAGE CODE
Language code of text/sound track or separate title eng
100 1# - MAIN ENTRY--PERSONAL NAME
Personal name Hartwich, Oliver Marc
245 00 - TITLE STATEMENT
Title Haus proud
260 ## - PUBLICATION, DISTRIBUTION, ETC.
Date of publication, distribution, etc. 2008
490 ## - SERIES STATEMENT
Series statement Roof
Volume/sequential designation September/October 2008, 24-25(2)
520 ## - SUMMARY, ETC.
Summary, etc. Discusses differences between the German and British housing markets and points out that new German houses are both larger and cheaper. The author explores what is different in the UK market and argues that an outdated planning system and complicated local government finances are partially responsible for the considerably higher rise in UK house prices over the last few decades. Proposes a shift towards devolved and incentivised planning to try and combat the marked undersupply in the UK housing market.
650 24 - SUBJECT ADDED ENTRY--TOPICAL TERM
Topical term or geographic name entry element TOWN AND COUNTRY PLANNING ACT 1947
650 24 - SUBJECT ADDED ENTRY--TOPICAL TERM
Topical term or geographic name entry element ENVIRONMENTAL AND LAND CONSULTANCY-PLANNING AND DEVELOPMENT
651 #4 - SUBJECT ADDED ENTRY--GEOGRAPHIC NAME
Geographic name Germany
Chronological subdivision 1990-
651 #4 - SUBJECT ADDED ENTRY--GEOGRAPHIC NAME
Geographic name United Kingdom
Chronological subdivision
690 ## - LOCAL SUBJECT ADDED ENTRY--TOPICAL TERM (OCLC, RLIN)
Topical term or geographic name as entry element PROPERTY-RESIDENTIAL PROPERTY-DOMESTIC RESIDENTIAL PROPERTY-HOUSING-HOUSES
942 ## - ADDED ENTRY ELEMENTS (KOHA)
Suppress in OPAC 0
Holdings
Withdrawn status Lost status Source of classification or shelving scheme Damaged status Not for loan Home library Current library Shelving location Date acquired Total Checkouts Full call number Barcode Date last seen Copy number Price effective from Koha item type
    Dewey Decimal Classification     London London Journal article 02/09/2008   L145043 145043-1001 06/08/2019 1 06/08/2019 Journal article